MARC details
| 000 -CABECERA |
| campo de control de longitud fija |
01812nam a2200289 a 4500 |
| 001 - NÚMERO DE CONTROL |
| campo de control |
000048407 |
| 003 - IDENTIFICADOR DEL NÚMERO DE CONTROL |
| campo de control |
DO-SdBNP |
| 005 - FECHA Y HORA DE LA ÚLTIMA TRANSACCIÓN |
| campo de control |
20240319121127.0 |
| 007 - CAMPO FIJO DE DESCRIPCIÓN FÍSICA--INFORMACIÓN GENERAL |
| campo de control de longitud fija |
ta |
| 008 - DATOS DE LONGITUD FIJA--INFORMACIÓN GENERAL |
| campo de control de longitud fija |
190304s2012 dr ac 000 m spa d |
| 020 ## - NÚMERO INTERNACIONAL ESTÁNDAR DEL LIBRO |
| Número Internacional Estándar del Libro |
9789945882025 |
| 040 ## - FUENTE DE LA CATALOGACIÓN |
| Centro catalogador/agencia de origen |
DO-SdBNP |
| Lengua de catalogación |
spa |
| Centro/agencia transcriptor |
BNPHU |
| 082 ## - NÚMERO DE LA CLASIFICACIÓN DECIMAL DEWEY |
| Número de clasificación |
709.7293 |
| Número de documento/Ítem |
C691e |
| 245 00 - MENCIÓN DE TÍTULO |
| Título |
Colección Eduardo León Jimenes de artes visuales : |
| Resto del título |
estructura, contenido, proyección, trascendencia / |
| Mención de responsabilidad, etc. |
textos Marianne de Tolentino, Rafael Emilio Yunén, Kerenia Guillarón, Sara Hermann, José M. Fernández Pequeño ; traducción Dolores Vicioso. |
| 260 ## - PUBLICACIÓN, DISTRIBUCIÓN, ETC. |
| Lugar de publicación, distribución, etc. |
Santiago de los Caballeros, República Dominicana : |
| Nombre del editor, distribuidor, etc. |
Centro León, |
| Fecha de publicación, distribución, etc. |
2012. |
| 300 ## - DESCRIPCIÓN FÍSICA |
| Extensión |
279 p. : |
| Otras características físicas |
il., retrs. ; |
| Dimensiones |
24 cm. |
| 500 ## - NOTA GENERAL |
| Nota general |
Incluye datos biográficos de la autora en la solapa de la portada. |
| 505 0# - NOTA DE CONTENIDO CON FORMATO |
| Nota de contenido con formato |
De cómo una colección de arte genera un dialogo permanente con la comunidad |
| Mención de responsabilidad |
Rafael Emilio Yunén -- |
| Título |
Colección y concurso Eduardo León Jimenes: memoria y proyección del arte dominicano / |
| Mención de responsabilidad |
Marianne de Tolentino -- |
| Título |
El coleccionismo privado en la República Dominicana. La Colección Eduardo León Jimenes de Artes Visuales como paradigma / |
| Mención de responsabilidad |
Karenia Guillarón, Sara Hermann -- |
| Título |
Concurso de arte Eduardo León Jimenes: Un dialogo de medio siglo / |
| Mención de responsabilidad |
José M. Fernandez Pequenó |
| Título |
Selección de obras -- |
| -- |
Concurso Eduardo León Jimenes: obras premiadas y jurados -- |
| -- |
Eduardo León Jimenes Visual Arts Collection: Structure, Content, Projections, Transcendence. |
| 590 ## - NOTA LOCAL (RLIN) |
| Nota local |
Inventariado, 2019/LP |
| 700 1# - PUNTO DE ACCESO ADICIONAL--NOMBRE DE PERSONA |
| Nombre de persona |
Tolentino, Marianne de |
| 9 (RLIN) |
15222 |
| 700 1# - PUNTO DE ACCESO ADICIONAL--NOMBRE DE PERSONA |
| Nombre de persona |
Yunén, Rafael Emilio |
| Fechas asociadas al nombre |
1952- |
| 9 (RLIN) |
2304 |
| 700 1# - PUNTO DE ACCESO ADICIONAL--NOMBRE DE PERSONA |
| Nombre de persona |
Fernández Pequeño, José Manuel. |
| 9 (RLIN) |
9243 |
| 700 1# - PUNTO DE ACCESO ADICIONAL--NOMBRE DE PERSONA |
| Nombre de persona |
Guillarón, Karenia. |
| 9 (RLIN) |
75814 |
| 700 1# - PUNTO DE ACCESO ADICIONAL--NOMBRE DE PERSONA |
| Nombre de persona |
Hermann, Sara. |
| 9 (RLIN) |
58086 |
| 700 1# - PUNTO DE ACCESO ADICIONAL--NOMBRE DE PERSONA |
| Nombre de persona |
Vicioso, Dolores, |
| 9 (RLIN) |
74661 |
| Término indicativo de función/relación |
trad. |
| 942 ## - ELEMENTOS DE PUNTO DE ACCESO ADICIONAL (KOHA) |
| Fuente del sistema de clasificación o colocación |
Dewey Decimal Classification |
| Tipo de ítem Koha |
Libro |